| Tag |
First Indicator |
Second Indicator |
Subfields |
| LEADER |
00000cam a2200000 i 4500 |
| 001 |
in00005692321 |
| 003 |
OCoLC |
| 005 |
20260123141715.7 |
| 007 |
ta |
| 008 |
250312s2025 nyua b 000 1 eng c |
| 010 |
|
|
|a 2024055961
|
| 024 |
8 |
|
|a 40033077678
|
| 040 |
|
|
|a AzTeS/DLC
|b eng
|e rda
|c DLC
|d IG#
|d OCLCO
|d BDX
|d YDX
|d OCLCQ
|d HBP
|d NYP
|d BKL
|d UAH
|d ILC
|d OCLCO
|d ILC
|d CHILD
|d TOH
|d YDX
|d MNM
|
| 020 |
|
|
|a 9781643790848
|q hardcover
|
| 020 |
|
|
|a 1643790846
|q hardcover
|
| 020 |
|
|
|z 9781643797304
|q electronic book
|
| 035 |
|
|
|a (OCoLC)1511469533
|
| 042 |
|
|
|a pcc
|
| 050 |
0 |
0 |
|a PZ7.1.Y833
|b Ec 2025
|
| 050 |
|
4 |
|a PS3625.O9746
|b E24 2025
|
| 082 |
0 |
4 |
|a 813/.6
|a [E]
|2 23/eng/20250320
|
| 100 |
1 |
|
|a Youngwolf, S. D.,
|e author.
|4 aut
|4 http://id.loc.gov/vocabulary/relators/aut
|1 http://id.loc.gov/rwo/agents/no2025031642
|
| 245 |
1 |
4 |
|a The Echo People /
|c by SD Youngwolf ; illustrated by Shonto Begay.
|
| 250 |
|
|
|a First edition.
|
| 264 |
|
1 |
|a New York, NY :
|b Lee & Low Books Inc.,
|c [2025]
|
| 300 |
|
|
|a 1 volume (30 unnumbered pages) :
|b color illustrations ;
|c 23 x 26 cm
|
| 334 |
|
|
|a single unit
|b mono
|0 http://id.loc.gov/vocabulary/issuance/mono
|
| 336 |
|
|
|a text
|b txt
|2 rdacontent
|0 http://id.loc.gov/vocabulary/contentTypes/txt
|
| 336 |
|
|
|a still image
|b sti
|2 rdacontent
|0 http://id.loc.gov/vocabulary/contentTypes/sti
|
| 337 |
|
|
|a unmediated
|b n
|2 rdamedia
|0 http://id.loc.gov/vocabulary/mediaTypes/n
|
| 338 |
|
|
|a volume
|b nc
|2 rdacarrier
|0 http://id.loc.gov/vocabulary/carriers/nc
|
| 340 |
|
|
|b 23 x 26 cm
|
| 340 |
|
|
|g polychrome
|2 rdacc
|
| 340 |
|
|
|p illustrations
|0 http://id.loc.gov/vocabulary/millus/ill
|
| 385 |
|
|
|m Age group
|n age
|a Children
|0 http://id.loc.gov/authorities/demographicTerms/dg2015060010
|
| 386 |
|
|
|m Ethnic/Cultural
|a Cherokee (North American people)
|2 lcdgt
|
| 386 |
|
|
|m Ethnic/Cultural
|a Navajo (North American people)
|2 lcdgt
|
| 520 |
|
|
|a "Two Indigenous children go on a journey of discovery with their grandfather and learn that we create our own realities through the words and actions that we put out into the world"-- Provided by publisher.
|
| 521 |
1 |
|
|a Ages 5-7.
|b Lee & Low Books Inc.
|
| 586 |
|
|
|a CSMCL. Best Books, 2025
|
| 650 |
|
0 |
|a Indian children
|v Juvenile fiction.
|
| 650 |
|
0 |
|a Indians of North America
|v Juvenile fiction.
|
| 650 |
|
0 |
|a Grandparent and child
|v Juvenile fiction.
|
| 650 |
|
0 |
|a Grandfathers
|v Juvenile fiction.
|
| 650 |
|
0 |
|a Values
|v Juvenile fiction.
|
| 650 |
|
1 |
|a Indians of North America
|v Fiction.
|
| 650 |
|
1 |
|a Grandparent and child
|v Fiction.
|
| 650 |
|
1 |
|a Grandfathers
|v Fiction.
|
| 650 |
|
1 |
|a Conduct of life
|v Fiction.
|
| 650 |
|
6 |
|a Enfants des Peuples autochtones
|v Romans, nouvelles, etc. pour la jeunesse.
|
| 650 |
|
6 |
|a Grands-parents et enfants
|v Romans, nouvelles, etc. pour la jeunesse.
|
| 650 |
|
6 |
|a Grands-pères
|v Romans, nouvelles, etc. pour la jeunesse.
|
| 650 |
|
7 |
|a JUVENILE FICTION / General.
|2 bisacsh
|
| 650 |
|
7 |
|a Conduct of life
|v Fiction.
|2 sears
|
| 650 |
|
7 |
|a Grandfathers
|v Fiction.
|2 sears
|
| 650 |
|
7 |
|a Grandparent and child
|v Fiction.
|2 sears
|
| 650 |
|
7 |
|a Indian children
|v Fiction.
|2 sears
|
| 650 |
|
7 |
|a Indians of North America
|v Fiction.
|2 sears
|
| 650 |
|
7 |
|a Values
|v Fiction.
|2 sears
|
| 655 |
|
7 |
|a JUV011040.
|2 bisacsh
|
| 655 |
|
7 |
|a JUV039220.
|2 bisacsh
|
| 655 |
|
7 |
|a JUV030140.
|2 bisacsh
|
| 655 |
|
7 |
|a Picture books.
|2 lcgft
|
| 655 |
|
7 |
|a Romans.
|2 rvmgf
|
| 700 |
1 |
|
|a Begay, Shonto,
|e illustrator.
|4 http://id.loc.gov/vocabulary/relators/ill
|1 https://id.oclc.org/worldcat/entity/E39PCjrmVrFc74TFPT3JGcbdpP
|1 http://id.loc.gov/rwo/agents/n87940742
|
| 758 |
|
|
|1 http://id.loc.gov/resources/instances/24088691
|
| 758 |
|
|
|4 http://id.loc.gov/ontologies/bibframe/instanceOf
|1 http://id.loc.gov/resources/works/24088691
|
| 884 |
|
|
|a DLC bibframe2marc v2.10-dev
|g 20250324
|q DLC
|u https://github.com/lcnetdev/bibframe2marc/releases/tag/v2.10-dev
|
| 945 |
|
|
|b 646900
|
| 947 |
|
|
|a A14852324848
|
| 980 |
|
|
|b print
|c 40033077678
|g 565712
|k USD
|m 19.95
|q 1
|s AcqMono Conventional
|t Approval plan
|u Vendor order reference number
|v ZYBP
|y Print approval
|z Physical resource
|
| 999 |
f |
f |
|i f87e7ab6-0685-4a66-b50b-8cb61f980ce0
|s 9b1ddf7c-4f22-43bb-b783-57b935fe8a45
|t 0
|
| 952 |
f |
f |
|p normal
|a Texas A&M University
|b College Station
|c Sterling C. Evans Library
|s Evans curr
|d Evans: Curriculum Collection (4th floor)
|t 0
|e PZ7.1.Y833 Ec 2025
|h Library of Congress classification
|i unmediated -- volume
|m A14852324848
|
| 998 |
f |
f |
|a PZ7.1.Y833 Ec 2025
|t 0
|l Evans: Curriculum Collection (4th floor)
|